Statistics for Word Match: Movie Titles

Click here to take the quiz!

General Stats

  • This quiz has been taken 1,623 times
  • The average score is 18 of 22

Answers on the Map

Answers color-coded by a green-red scale on the quiz's map according to % correct below.
 

Answer Stats

Answer% Correct
Forrest
95%
Pulp
91%
Blade
89%
Die
89%
Fight
89%
Jurassic
88%
Schindler's
88%
Taxi
88%
Toy
88%
American
84%
Django
84%
Citizen
82%
Apocalypse
81%
Spirited
81%
Sunset
81%
Modern
79%
Pan's
79%
Rear
78%
Raging
75%
Seven
68%
Double
65%
Cinema
60%

Score Distribution

Percentile by Number Answered

Percent of People with Each Score

Your Score History

You have not taken this quiz